Countries by its High Speed Railways-Picture - Statistics

General Stats
  • This quiz has been taken 113 times
  • The average score is 6 of 10
Answer Stats
Picture Answer % Correct
Japan
96%
United Kingdom
74%
Spain
68%
United States
67%
Taiwan
66%
Italy
62%
China
55%
Saudi Arabia
39%
South Korea
38%
Turkey
36%
No matching quizzes found
Score Distribution
Percent of People with Each Score
Percentile by Number Answered
Your Score History
You have not taken this quiz